000 00427nam a2200157 i 4500
001 146968
003 ES-MaACL
005 20230906201742.0
007 t|
008 070920s1914 fr ||||1| fre d
100 1 _aTsien Taï.
_9111607
245 1 3 _aLe pouvoir législatif en Chine /
_cTsien Taï.
260 _a[La Rochelle] :
_b[s.n.],
_c1914 (
_fImp. Tessier)
300 _a220 p. ;
_c24 cm.
852 _aES-MaACL
_jF-9691
999 _c146968
_d146968